00676 a2200205 4500010001400000020002600014035001300040037001600053082001000069090001500079100001700094245004000111260003900151270005800190300002700248500002000275942002500295999001500320952013500335 aENG-88910 c500.00a9788189239442 aEN-72443 bDBAD / PUB a915.4 c9651d96511 aSatnam Singh1 aIndian geography /cby Satnam Singh aNew DelhibMurari Lal & Sonsc2007 a4378/4B, Ansari Road, Darya Ganj,bNew Delhie110 002 av, 248p. :c22cm (Hb) aIncludes index adplcENk915.4 / SAT c9476d9476 00102ddc40718NFICaDBADbDBADeDBAD/PUBg500.00l0o915.4 SATpEN-72443r2008-09-15 00:00:00t1u10460v500.00w2008-09-15yEN